000 00667nam a22001577a 4500
005 20250806092907.0
008 250806b |||||||| |||| 00| 0 eng d
050 _aTHE LB 2806 .M66 2018
_bC.1
100 _aMomanyi, Charles Ocharo
245 _aVariability in Utilization of Information Systems on Management of Public Secondary Schools in Nyamira County,Kenya
260 _aKisii
_bKisii University
_c2018
300 _axix, 251p.:ill.
500 _aIncludes bibliographical references
650 _a1. School management and organization - Kenya. 2. Information systems - Educational applications. 3. Public schools - Kenya - Administration.
942 _2lcc
_cREF
999 _c215988
_d215988